000 00428nam a2200181Ia 4500
008 090124s9999 xx 000 0 und d
082 _b46162
100 _aकाळे विजया
245 _a बहर
250 _a0
260 _c2007
300 _a122
600 _aकाळे विजया
630 _a बहर
700 _aकाळे विजया
730 _a बहर
942 _cBOOK
999 _c112383
_d112383